| 000 | 01003nmc a2200373 a 4500 | ||
|---|---|---|---|
| 003 | AR-BaBNM | ||
| 005 | 20251128211422.0 | ||
| 008 | 084020s1999 ||||||||||||||000 | spa|| | ||
| 040 | _cAR-BaBNM | ||
| 100 | 1 | _aHartog, François | |
| 245 | 1 | 0 |
_aMemoria de Ulises _brelatos sobre la frontera en la antigua Grecia |
| 250 | _a1ª ed. | ||
| 260 |
_aBuenos Aires _bFondo de Cultura Económica _c1999 |
||
| 300 | _a295 p. | ||
| 490 | 0 | _aSección de obras de historia | |
| 500 | _aContiene índice analítico y de nombres | ||
| 600 | _aHerodoto | ||
| 600 | 0 | 4 | _aPitágoras |
| 600 | 1 | 4 | _aApolonio, de Rodas |
| 650 | 4 | _aHISTORIA ANTIGUA | |
| 650 | 4 | _aHISTORIA CULTURAL | |
| 650 | 4 | _aMITOLOGIA | |
| 650 | 4 | _aIDEOLOGIAS | |
| 650 | 4 | _aFILOSOFIA | |
| 650 | 4 | _aDOCTRINAS POLITICAS | |
| 650 | 4 | _aSOCIEDAD | |
| 650 | 4 | _aRELIGION | |
| 650 | 4 | _aCIVILIZACIONES ANTIGUAS | |
| 650 | 4 | _aECONOMIA | |
| 651 | 4 | _aGrecia | |
| 700 | 1 |
_aPons, Horacio _etraductor |
|
| 942 | _cBK | ||
| 998 | _cmartin | ||
| 999 |
_c19599 _d19599 |
||